000 00677nam a2200241Ia 4500
001 3349
005 20240113233624.0
007 ta
008 050429s1954 a g b000 u eng u
040 _aCotton College Assam
041 _aeng
082 _a001
_bC 739 P
110 _aF E Compton`s .
_c(Chicago )
245 0 _aCompton`s Pictured Encyclopaedia and Fact-Index Vol 6 /
_cF E Compton`s.
_hTextual Documents
250 _a1st ed. /
260 _aChicago :
_bCompton`s ,
_c1954.
300 _a545p. :
_bill ;
_c25 cm. .
653 _aEncyclopaedia
710 _aF E Compton`s .
_c(Chicago )
942 _2ddc
_cBK
999 _c3337
_d3337